Atlas de anatomía humana (Record no. 2596)

MARC details
000 -LEADER
campo de control de longitud fija 01354nam a2200361Ia 4500
005 - FECHA Y HORA DE LA ÚLTIMA TRANSACCIÓN
campo de control 20230705221700.0
008 - DATOS DE LONGITUD FIJA--INFORMACIÓN GENERAL
campo de control de longitud fija 160315s2011 sp g 000 0 spa
020 ## - NÚMERO INTERNACIONAL ESTÁNDAR DEL LIBRO
Número Internacional Estándar del Libro 9788445820650
082 04 - NÚMERO DE LA CLASIFICACIÓN DECIMAL DEWEY
Número de clasificación R 611
Número de ítem N27a
040 ## - FUENTE DE CATALOGACIÓN
Centro catalogador/agencia de origen CO-BoRNBP
Lengua de catalogación spa
Normas de descripción rda
Centro/agencia transcriptor CO-BoRNBP
100 1# - ENTRADA PRINCIPAL--NOMBRE DE PERSONA
Nombre de persona Netter, Frank Henry,
Fechas asociadas al nombre 1906-1991
9 (RLIN) 49778
245 10 - MENCIÓN DEL TÍTULO
Título Atlas de anatomía humana
Mención de responsabilidad, etc. Frank H. Netter ; traducción y revisión científica Victor Gotzens García
250 ## - MENCION DE EDICION
Mención de edición 5a. edición
264 ## - PRODUCCIÓN, PUBLICACIÓN, DISTRIBUCIÓN, FABRICACIÓN Y COPYRIGHT
Producción, publicación, distribución, fabricación y copyright Barcelona
Nombre del de productor, editor, distribuidor, fabricante Elsevier Masson
Fecha de producción, publicación, distribución, fabricación o copyright 2011
300 ## - DESCRIPCIÓN FÍSICA
Extensión 536, 44 páginación variada
Otras características físicas ilustraciones
Dimensiones 29 cm
336 ## - TIPO DE CONTENIDO
Término de tipo de contenido texto
Código de tipo de contenido txt
Fuente rdacontent
337 ## - TIPO DE MEDIO
Nombre/término del tipo de medio sin mediación
Código del tipo de medio n
Fuente rdamedia
338 ## - TIPO DE SOPORTE
Nombre/término del tipo de soporte volumen
Código del tipo de soporte nc
Fuente rdacarrier
500 ## - NOTA GENERAL
Nota general Incluye índice
504 ## - NOTA DE BIBLIOGRAFÍA, ETC.
Nota de bibliografía, etc. Incluye bibliografía
534 ## - NOTA SOBRE LA VERSIÓN ORIGINAL
Mención de título del original Altas of Human Anatomy
650 14 - PUNTO DE ACCESO ADICIONAL DE MATERIA--TÉRMINO DE MATERIA
Fuente del encabezamiento o término LEMB
Término de materia o nombre geográfico como elemento de entrada Anatomía humana
Subdivisión de forma Atlas
9 (RLIN) 3653
650 14 - PUNTO DE ACCESO ADICIONAL DE MATERIA--TÉRMINO DE MATERIA
Fuente del encabezamiento o término LEMB
Término de materia o nombre geográfico como elemento de entrada Cuerpo humano
Subdivisión de forma Atlas
9 (RLIN) 17348
650 14 - PUNTO DE ACCESO ADICIONAL DE MATERIA--TÉRMINO DE MATERIA
Fuente del encabezamiento o término LEMB
Término de materia o nombre geográfico como elemento de entrada Histología
Subdivisión de forma Atlas
9 (RLIN) 49779
650 14 - PUNTO DE ACCESO ADICIONAL DE MATERIA--TÉRMINO DE MATERIA
Fuente del encabezamiento o término LEMB
Término de materia o nombre geográfico como elemento de entrada Sistema muscular
Subdivisión de forma Atlas
9 (RLIN) 49780
650 14 - PUNTO DE ACCESO ADICIONAL DE MATERIA--TÉRMINO DE MATERIA
Fuente del encabezamiento o término LEMB
Término de materia o nombre geográfico como elemento de entrada Esqueleto
Subdivisión de forma Atlas
9 (RLIN) 49781
650 14 - PUNTO DE ACCESO ADICIONAL DE MATERIA--TÉRMINO DE MATERIA
Fuente del encabezamiento o término LEMB
Término de materia o nombre geográfico como elemento de entrada Sistema nervioso
Subdivisión de forma Atlas
9 (RLIN) 49782
650 14 - PUNTO DE ACCESO ADICIONAL DE MATERIA--TÉRMINO DE MATERIA
Fuente del encabezamiento o término LEMB
Término de materia o nombre geográfico como elemento de entrada Sistema cardiovascular
Subdivisión de forma Atlas
9 (RLIN) 49783
650 14 - PUNTO DE ACCESO ADICIONAL DE MATERIA--TÉRMINO DE MATERIA
Fuente del encabezamiento o término LEMB
Término de materia o nombre geográfico como elemento de entrada Aparato respiratorio
Subdivisión de forma Atlas
9 (RLIN) 49784
650 14 - PUNTO DE ACCESO ADICIONAL DE MATERIA--TÉRMINO DE MATERIA
Fuente del encabezamiento o término LEMB
Término de materia o nombre geográfico como elemento de entrada Aparato digestivo
Subdivisión de forma Atlas
9 (RLIN) 49785
700 1# - ENTRADA AGREGADA--NOMBRE PERSONAL
Nombre de persona Gtzens García, Victor
Término indicativo de función/relación traductor
9 (RLIN) 49786
942 ## - ELEMENTOS DE ENTRADA SECUNDARIOS (KOHA)
Fuente del sistema de clasificación o colocación Clasificación Decimal Dewey
Tipo de ítem Koha Referencia

No items available.

Powered by Koha